1373 1001 1325 1982 1029 1928 1314 1899 1050 1190 1578 1802 1047 1006 1600 1196 1748 1072 1287 1956 1676 1710 1385 1298 1201 1212 1760 1879 1734 1673 1370 1306 1067 1190 1433 1671 1028 1099 1989 1850 1886 1969 1076 1453 1731 1144 1996 1219 1829 1417 1554 1370 1468 1997 1867 1647 1909 1399 1462 1796 1979 1294 1390 1037 1923 1481 1542 1059 1320 1468 1903 1941 1731 1797 1191 1385 1532 1144 1193 1140 1636 1592 1473 1188 1708 1981 1772 1421 1259 1695 1810 1621 1760 1262 1947 1067 1024 1760 1310 BCNSPRNW ULIB Ver.6.0+V

เปลี่ยนเป็นภาษาไทย

Change to English
 แสดงรายละเอียดบรรณานุกรม
  กลับหน้าหลัก

Brief Record : Get Marc (ISO 2709) : E-mail record : QR code < ปิดหน้าต่าง
LEADER : 00000nam 2200000uu 4500
001    13399114853
003     ULIB
008    020711s2546 th a 000 0 tha d
099    ^aวจ.WK810^bข226ร
245    ^aการศึกษาและการพัฒนาศักยภาพการดูแลผู้ป่วยโรคเบาหวาน
260    ^a ^bม.ป.ท.,^c2546
650    ผู้ป่วยโรคเบาหวาน^xศักยภาพการดูแล
945    ^p0^l0^i015529
999    ^aวรรณษา ชูชัยมงคล
รายการนี้ยังไม่มีแท็ก
คุณยังไม่ได้ล็อกอิน คุณสามารถมีกิจกรรมร่วมกับเว็บไซต์ได้ แต่ต้องล็อกอินก่อน ::
  ล็อกอิน

รายการสื่อสารสนเทศ

ลำดับที่ ประเภท เลขเรียก/บาร์โค้ด สถานที่ สถานะ
1. งานวิจัย
งานวิจัย
วจ.WK810 ข226ร  
  Barcode: 015529
ห้องสมุดวิทยาเขตสวรรค์ประชารักษ์
►วิจัย
บนชั้น

รายการใกล้เคียง
    ผู้แต่ง []

BibComment


ยังไม่เคยถูกคอมเมนท์

คอมเมนท์ทรัพยากรรายการนี้
  คอมเมนท์: การศึกษาและการพั..


 Copyright 2026. Bcnsprnw @Library